Паметта на сърцето (Запис номер 85128)
[ съкратено ]
| 000 -Лидер | |
|---|---|
| Контролно поле с фиксирана дължина | 02145nam a2200469 c 4500 |
| 003 - Код на организацията, давaща контролен номер | |
| Контролно поле | BLK |
| 005 - Дата и час на последна редакция | |
| Контролно поле | 20180422104224.0 |
| 008 - Елементи от данни с фиксирана дължина | |
| fixed length control field | 180408b bul|||||r ||||||| ||bul|| |
| 010 ## - Наследен системен номер | |
| LC control number | KNG00089724000 |
| 020 ## - Международен стандартен номер на книга ISBN | |
| Международен стандартен номер на книга ISBN | 978-954-8952-42-2 |
| -- | издат.: Силоам прес |
| 040 ## - Източник на каталожния запис | |
| Идентификатор на билиотеката - собственик на записа | BLK |
| 041 ## - Код за език | |
| Код за езика на текст/звукозапис или на отделно заглавие | Български |
| Код за езика КДБФ | Български |
| 072 #7 - Код за тематичната категория | |
| Код организация | bullib |
| Код за тематична категория | К |
| Текст | Краезнание |
| 072 #7 - Код за тематичната категория | |
| Код организация | bullib |
| Код за тематична категория | РА |
| Текст | Русенски автори |
| 080 ## - УДК | |
| Текстов определител УДК | Военни набори на съхопътните и морските войски. Военни части. Редници. Военна повинност. Общи задължения на гражданите за защита на страната. Доброволци. Наемници. Вж и 356 |
| УДК код - определител по УДК | 355.21 |
| УДК определител | (567=867)(092)(093.3) |
| УДК - код + определител | 355.21(567=867)(092)(093.3) |
| 080 ## - УДК | |
| Текстов определител УДК | Русенски рейнджър, загинал в Кербала |
| УДК код - определител по УДК | 929 Петров, Антон Валентинов |
| УДК определител | |
| УДК - код + определител | 929 Петров, Антон Валентинов |
| 100 1# - Редна дума - Автор | |
| Автор | Станчева, Нели |
| Авторска отговорност | първи автор |
| R(LIN) | 301704 |
| 139 ## - Редно поле | |
| Редна дума | Станчева, Нели и др. |
| Авторски знак | Петро - П 47 |
| 245 10 - Сведения за заглавието | |
| Заглавие | Паметта на сърцето |
| Подзаглавни данни | Книга за Тони |
| Редно поле (дума) | Нели Станчева; съавт. Татяна Живкова. |
| 257 ## - Страна на издаване | |
| Страна на създаване/издаване | България |
| 260 ## - Област на издателските данни | |
| -- | Русе |
| Име на издателя, разпространителя и проч. | Силоам прес |
| Година на издаване | 2009 |
| 300 ## - Физическа характеристика | |
| Страници | 76 с. |
| Илюстрации и др. | със сн., факс. |
| Размери/Мащаб | 24 см |
| 380 ## - Жанр | |
| Жанр | Обществени науки |
| 600 14 - Име на лице, използвано като предмет | |
| За него / За нея | Петров, Антон Валентинов |
| 9 (RLIN) | 301705 |
| 650 #4 - Допълнително описание по предмет – тема | |
| Основно описание – тема или топоним | Военнослужещи, български - в Ирак |
| 9 (RLIN) | 294173 |
| 651 #4 - Допълнително описание по предмет - топоним | |
| Географско понятие | Русе |
| 9 (RLIN) | 179462 |
| 651 #4 - Допълнително описание по предмет - топоним | |
| Географско понятие | България |
| 9 (RLIN) | 241624 |
| 651 #4 - Допълнително описание по предмет - топоним | |
| Географско понятие | Кербала |
| 9 (RLIN) | 179026 |
| 651 #4 - Допълнително описание по предмет - топоним | |
| Географско понятие | Ирак |
| 9 (RLIN) | 178953 |
| 653 ## - Ключова дума – ненормативна | |
| Ключова дума | Антон Петров |
| 653 ## - Ключова дума – ненормативна | |
| Ключова дума | военнослужещи |
| 653 ## - Ключова дума – ненормативна | |
| Ключова дума | военни конфликти |
| 653 ## - Ключова дума – ненормативна | |
| Ключова дума | биографии |
| 653 ## - Ключова дума – ненормативна | |
| Ключова дума | спомени |
| 659 ## - Тематичен бюлетин | |
| Тематичен бюлетин | К |
| 700 1# - Други автори (авторска отговорност) | |
| Лично име | Живкова, Татяна |
| Автороска отговорност (Описва отношението между автора и произведението) | съавт. |
| 9 (RLIN) | 364468 |
| 852 ## - Местоположение | |
| Форматна сигнатура | Цб 244170 |
| 856 4# - Електронен адрес и достъп | |
| Електронен формат | pdf - файл |
| Път до файла /url/ | |
| 856 4# - Електронен адрес и достъп | |
| Електронен формат | pdf - файл |
| Път до файла /url/ | |
| 942 ## - АРТИКУЛИ | |
| Вид на библиотечния материал | Книги |
| Скрит в OPAC | Не |
| 944 ## - СЪЗДАВАНЕ И РЕДАКЦИЯ на ЗАПИСА | |
| Създаване/Редакция | Създаване |
| Дата на регистрацията/редакция | 28.05.2009 |
| Статус, дата на статуса | ф / |
| Служител, извършил регистрацията/редакцията | Виолета_Тройчева |
| 944 ## - СЪЗДАВАНЕ И РЕДАКЦИЯ на ЗАПИСА | |
| Създаване/Редакция | Редакция |
| Дата на регистрацията/редакция | 17.04.2015 |
| Статус, дата на статуса | ф / |
| Служител, извършил регистрацията/редакцията | Людмила_Стоянова |
| 999 ## - СИСТЕМНИ КОНТРОЛНИ НОМЕРА | |
| Koha biblionumber | 85128 |
| Koha biblioitemnumber | 85128 |
| Код за отписване | Код за изгубен артикул | Код за повреда | Коз за рестрикции | Код за отдаване | Артикулен № | Име на библиотеката - собственик | Име на библиотеката, в която се намира в момента | Статус (Текущо местоположение) | Дата на вписване в системата | Местоположение - отдел | Цена в лева | Инвентарен номер | Систематично азбучна сигнатура | Баркод | Номер на екземпляра | Цена в евро | Служебна бележка | Служебен тип на артикула |
|---|---|---|---|---|---|---|---|---|---|---|---|---|---|---|---|---|---|---|
| Не е изгубен | Не е повреден | без рестрикции | ползва се в читалня | 138066 | Регионална библиотека "Любен Каравелов" Русе | Регионална библиотека "Любен Каравелов" Русе | Краезнание | 2009-05-28 | Краезнание | 7.00 | 120000735910 | К 355/359/П 47 | 120000735910 | 1 | 3.58 | Дост: DA Вид: А N: 6 Дата: 28.05.2009 Дата инв: 09.11.2017 Бележки инв: К2017 | Книги | |
| Не е изгубен | Не е повреден | без рестрикции | ползва се в читалня | 138067 | Регионална библиотека "Любен Каравелов" Русе | Регионална библиотека "Любен Каравелов" Русе | Хранилище | 2014-06-23 | Основен фонд - ползва се само за читалня | 7.00 | 120000778504 | Цб 244170 | 120000778504 | 2 | 3.58 | Дост: DA Вид: А N: 10 Дата: 23.06.2014 | Книги |